Guess the Fusion Rock Song Lyrics #86 - Statistics

General Stats
  • This quiz has been taken 11 times
  • The average score is 138 of 194
Answer Stats
Answer % Correct
A
100%
an
100%
and
100%
Are
100%
are
100%
I
100%
love
100%
me
100%
my
100%
to
100%
you
100%
You
100%
can't
88%
for
88%
If
88%
I'm
88%
in
88%
it
88%
it's
88%
just
88%
of
88%
on
88%
what
88%
who
88%
your
88%
you're
88%
don't
75%
Don't
75%
from
75%
get
75%
heart
75%
Is
75%
mind
75%
tell
75%
that
75%
the
75%
too
75%
at
63%
here
63%
know
63%
need
63%
off
63%
out
63%
right
63%
yeah
63%
Cause
50%
doing
50%
Who's
50%
Come
38%
come
38%
door
38%
home
38%
knockin
38%
ready
38%
Show
38%
around
25%
away
25%
being
25%
find
25%
Hey
25%
hide
25%
inside
25%
late
25%
somebody
25%
way
25%
alone
13%
deep
13%
dreams
13%
easy
13%
hoping
13%
imagination
13%
knocking
13%
outside
13%
run
13%
Someone's
13%
tired
13%
trying
13%
Lee Ritenour
0%
open
0%
sneaking
0%
stranger
0%
unknown
0%
No matching quizzes found
Score Distribution
Percent of People with Each Score
Percentile by Number Answered
Your Score History
You have not taken this quiz